| 000 | 00328 a2200121 4500 | ||
|---|---|---|---|
| 001 | 92957 | ||
| 082 | _aPR 2408 | ||
| 090 |
_c44591 _d44592 |
||
| 100 | _aUsman Zafar,Prof Shahzada Iqbal (Advisor) | ||
| 245 |
_aVEHICLE SPEED MEASUREMENT USING IMAGE PROCESSING _n61 'B' EC |
||
| 260 |
_aIslamabad _bNUST _c2005 |
||
| 300 | _avii,56p. | ||
| 942 |
_aCAE NUST _kPR 2408 |
||
| 999 |
_c328030 _d328030 |
||